China in transformation. /
Uložené v:
| Hlavný autor: | |
|---|---|
| Médium: | Kniha |
| Jazyk: | English |
| Vydané: |
Cambridge :
American Academy of Arts and Sciences,
1993
|
| Vydanie: | 1. vyd. |
| Témy: | |
| ISBN: |
(brož.) |
| Fyzický popis: |
232 s. |
| Tagy: |
Pridať tag
Žiadne tagy, Buďte prvý kto otaguje tento záznam!
|
Titul je dostupný aj v ... 

MARC
| LEADER | 00000nam a2200000 a 4500 | ||
|---|---|---|---|
| 001 | 000074849 | ||
| 003 | SVKK | ||
| 005 | 20010430000000.0 | ||
| 008 | 000418s1993 xxu e engo | ||
| 020 | |a (brož.) | ||
| 040 | |a SVKKK |b slo |c SVKKK |e AACR2 | ||
| 041 | 0 | |a eng | |
| 044 | |a xxu |c US | ||
| 080 | |a 304(510)(082) |2 1997 | ||
| 080 | |a 951(082) |2 1997 | ||
| 100 | 1 | |a Alford, William P. |4 aut | |
| 245 | 1 | 0 | |a China in transformation. / |c William P. Alford...[et al.] |
| 250 | |a 1. vyd. | ||
| 260 | |a Cambridge : |b American Academy of Arts and Sciences, |c 1993 | ||
| 300 | |a 232 s. | ||
| 653 | 0 | |a Čína |2 SVKKKPH | |
| 653 | 0 | |a rozvoj spoločenský |2 SVKKKPH | |
| 653 | 0 | |a dejiny |2 SVKKKPH | |
| 653 | 0 | |a zborníky |2 SVKKKPH | |
| 655 | 7 | |a zborníky |2 SVKKKPH | |
| 910 | |a svkkk | ||
| 974 | |a UH |d 20000418 | ||
| 974 | |a PA |d 20000418 | ||
| 974 | |a PA |d 20010430 | ||
| 998 | |a BK | ||
| 090 | |g SCKHL |k Sklad Pribinova prízemie |a IV.165371 |j 867335 |i 2720119643 |s Absenčne | ||